Statistiken für Größte Gemeinden im Waldviertel

Klicken Sie hier um das Quiz zu spielen!

Allgemein

  • Dieses Quiz wurde 33 mal gespielt
  • Das Durchschnittsergebnis liegt bei 10 aus 20

Antwortstatistiken

EinwohnerBezirkGemeinde% Korrekt
6.458HornHorn
95%
10.885ZwettlZwettl
95%
5.370GmündGmünd
90%
24.876Krems-StadtKrems an der Donau
86%
5.459WaidhofenWaidhofen an der Thaya
67%
3.532HornGars am Kamp
62%
7.607Krems-LandLangenlois
62%
2.653GmündWeitra
62%
3.498HornEggenburg
57%
2.252GmündLitschau
52%
5.398GmündSchrems
48%
4.475ZwettlGroß Gerungs
38%
3.791Krems-LandGföhl
33%
2.445MelkPöggstall
29%
2.644WaidhofenRaabs an der Thaya
29%
2.689WaidhofenVitis
29%
2.735WaidhofenGroß-Siegharts
19%
3.942GmündHeidenreichstein
19%
3.090Krems-LandGrafenegg
5%
2.193GmündGroßdietmanns
5%

Verteilung der Resultate

Perzentil nach korrekt beantworteten Fragen

Anzahl Personen mit jedem Resultat

Ihre Resultats-Entwicklung

Sie haben dieses Quiz noch nicht gespielt